LEADER 01399nam a2200265 i 4500 001 000000107589 003 CaOOAMICUS 005 20071012154230.0 008 071012s2006 it u000 u ita r 020 $a88-495-1242-2 040 $aPULbita$b $dLDB 245 03$aLa responsabilità civile nella giurisprudenza costituzionale /$ca cura di Mauro Bussani ; Società italiana degli studiosi del diritto civile. 260 $aNapoli :$bEdizioni scientifiche italiane,$c2006. 300 $axii, 283 p. ;$c25 cm. 490 1 $aCinquanta anni della Corte costituzionale della Repubblica italiana ;$v15 650 4$aResponsabilità civile.$0(OLS)http://pul/subject/17546 700 1 $aBussani, Mauro.$0(OLS)http://pul/name/53908 710 2 $aSocietà italiana degli studiosi del diritto civile.$0(OLS)http://pul/name/66022 830 0$aCinquanta anni della Corte costituzionale della Repubblica italiana ;$v15.$0(OLS)http://pul/title/135471 850 $aPUL 852 $aPUL$W1$xSL Diritto e Scienze Sociali 3$y79$m342. 45 CORTE 1.15$j122298$qDDC 21$B121277$CPULBib$Z2$F121277 $H104969 $82 941 1 $a9 996 $6020$a88-495-1242-2$9(OLS)http://pul/number/135905 996 $6245$aLa responsabilità civile nella giurisprudenza costituzionale$9(OLS)http://pul/title/135470 996 $6260$aNapoli :$bEdizioni scientifiche italiane$9(OLS)http://pul/publisher/48388 LEADER 01269nam a2200277 a 4500 001 000000142963 003 CaOOAMICUS 005 20150422134746.0 008 150422s1997 it u000 u ita r 020 $a88-05-05763-0 040 $aPUL$bita 100 1 $aGheda, Paolo.$0(OLS)http://pul/name/33835 245 13$aIl custode del Volto Santo :$bbreve storia spirituale di Gaetano Catanoso /$cPaolo Gheda ; introduzione di Pietro Borzomati. 260 $aTorino :$bSocietà Editrice Internazionale,$c1997. 300 $aXV, 139 p. ;$c22 cm 490 1 $aI contemplativi nel mondo 600 04$aCaietanus Catanoso,$cs.,$d1879-1963.$0(OLS)http://pul/subject/41628 700 1 $aBorzomati, Pietro,$d1933-$0(OLS)http://pul/name/16869 830 2$aI contemplativi nel mondo.$0(OLS)http://pul/title/65831 850 $aPUL 852 $aPUL$W1$xDP1 Religione 1$y20$m633 G 68$j165002$qStampati$B165269$CPULBib$Z2$F165269 $H79942 $82 941 1 $a8 996 $6020$a88-05-05763-0$9(OLS)http://pul/number/157402 996 $6245$aIl custode del Volto Santo :$bbreve storia spirituale di Gaetano Catanoso$9(OLS)http://pul/title/180939 996 $6260$aTorino :$bSocietà Editrice Internazionale$9(OLS)http://pul/publisher/48746